LEADER 01131nam--2200397---450- 001 990001606160203316 005 20050114100112.0 035 $a000160616 035 $aUSA01000160616 035 $a(ALEPH)000160616USA01 035 $a000160616 100 $a20040427d1984----km-y0itay0103----ba 101 $aita 102 $aIT 105 $a||||||||001yy 200 1 $aAlchimia$fMarie Louise von Franz$gtrad. di Renato Oliva 210 $aTorino$cBoringhieri$d1984 215 $a230 p.$cill.$d22 cm 225 2 $aSaggi 410 0$12001$aSaggi 454 1$12001$aAlchemy -$91538860 461 1$1001-------$12001 606 $aAlchimia 676 $a540.1 700 1$aFRANZ,$bMarie-Louise : von$0123546 801 0$aIT$bsalbc$gISBD 912 $a990001606160203316 951 $aII.6. 14(Varie coll. 110/14)$b23678 L.M.$cVarie coll. 959 $aBK 969 $aUMA 979 $aSIAV9$b10$c20040427$lUSA01$h1021 979 $aSIAV9$b10$c20040427$lUSA01$h1022 979 $aPATRY$b90$c20040727$lUSA01$h1338 979 $aCOPAT3$b90$c20050114$lUSA01$h1001 996 $aAlchemy -$91538860 997 $aUNISA LEADER 02256oam 2200685I 450 001 9910789419003321 005 20230814231916.0 010 $a0-429-91561-6 010 $a0-429-90138-0 010 $a0-429-47661-2 010 $a1-283-12497-1 010 $a9786613124975 010 $a1-84940-186-1 035 $a(CKB)2670000000094803 035 $a(EBL)712310 035 $a(OCoLC)729167053 035 $a(SSID)ssj0000523832 035 $a(PQKBManifestationID)12223046 035 $a(PQKBTitleCode)TC0000523832 035 $a(PQKBWorkID)10545416 035 $a(PQKB)10371289 035 $a(MiAaPQ)EBC712310 035 $a(Au-PeEL)EBL712310 035 $a(CaPaEBR)ebr10477668 035 $a(CaONFJC)MIL312497 035 $a(OCoLC)738434107 035 $a(FlBoTFG)9780429476617 035 $a(EXLCZ)992670000000094803 100 $a20181122h20181995 uy 0 101 0 $aeng 135 $aur||| ||||| 181 $ctxt 182 $cc 183 $acr 200 10$aLearning Consultation $eA Systemic Framework /$fby David Campbell 205 $aFirst edition. 210 1$aBoca Raton, FL :$cRoutledge,$d[2018]. 210 4$dİ1995. 215 $a1 online resource (179 p.) 225 1 $aSystemic thinking and practice series. Work with organizations 300 $aDescription based upon print version of record. 311 $a0-367-10482-2 311 $a1-85575-117-8 320 $aIncludes bibliographical references and index. 327 $apt. 1. The seminars -- pt. 2. The applications. 330 3 $aA book which will illuminate the learning process from the perspective of the teacher as well as the learner. The experiences of the various contributors will empower the reader to take more personal risks in their own learning. 410 0$aSystemic thinking and practice series.$pWork with organizations. 606 $aLearning 606 $aOrganizational learning 615 0$aLearning. 615 0$aOrganizational learning. 676 $a658.4/6 676 $a668.4601 700 $aCampbell$b David$0344552 801 0$bFlBoTFG 801 1$bFlBoTFG 906 $aBOOK 912 $a9910789419003321 996 $aLearning Consultation$93789607 997 $aUNINA